• 首页
  • 本馆介绍
  • 公告通知
  • 最新文献
  • 馆藏检索
  • 电子资源
  • 读者导购
  • 参考咨询
  • 我的图书馆
  • 登录
  • 详细信息显示
  • 放入我的书架
  • 预约/预借图书
  • 作者相关作品
  • 分类相关作品
  • 丛书相关作品
  • 出版社相关作品

书目信息

  • 表格格式
  • 工作单格式
  • 卡片格式
题名:
垂直起落飞机设计原理
    
 
作者: 库罗奇金 著 ;沈 翼 译
分册:  
出版信息: 北京   国防工业出版社  1973
页数:
开本:
丛书名:
单 册:
中图分类: V22
科图分类:
主题词: 飞机--构造 , 飞机--设计
电子资源:
ISBN:
000 00613nam0 2200205 450
001 0656705301
005 20060720154937.29
010    @dCNY1.10
100    @a20060720d1973 km y0chiy0120 ea
101 0  @achi
102    @aCN@b110000
200 1  @a垂直起落飞机设计原理@Achui zhi qi luo fei ji she ji yuan li@fФ·П·库罗奇金 著@FФ·П·ku luo qi jin zhu@g沈 翼 译@Gshen yi yi
210    @a北京@c国防工业出版社@d1973
606 0  @a飞机@x构造
606 0  @a飞机@x设计
690    @aV22@v3
701  0 @a库罗奇金@Aku luo qi jin@4著
702  0 @a沈 翼@Ashen yi@4译
801  0 @aCN@bPFT@c20060720
905    @a10447@dV22@e22
    
    垂直起落飞机设计原理/Ф·П·库罗奇金 著/沈 翼 译.-北京:国防工业出版社,1973
    
    
    
    ISBN :CNY1.10
    
●
相关链接 在E读中查询图书 在五车中查询图书 在当当中查询图书 在豆瓣中查询图书


正题名:垂直起落飞机设计原理     索取号:V22/22         预约/预借

序号 登录号 条形码 馆藏地/架位号 状态 备注
1 0437874   204378743   密集书库/ [索取号:V22/22] 在馆    
唐山师范学院图书馆 欢迎您!
大连网信软件有限公司© 版权所有